000 00562cam a2200217ua 4500
001 7878
005 20260515114250.0
008 150110n ii |||gr||||Z||||||hin
020 _a9788177090772
040 _cMAIN
041 _ahin
082 _a491.435
100 _aPrasad, B.,
_eAuthor.,
245 _aAdhunik hindi vyakaran aur rachana
_cBy Basudevanandan Prasad
250 _a23rd rev.
260 _aNew Delhi:
_bBharati bhawan,
_c2010.
300 _a379p.
653 _aEast Indo-European & Celtic languages
653 _aHindi grammar
942 _cBK
999 _c6993
_d6993